| 000 | 00941cam a2200277 i 4500 | ||
|---|---|---|---|
| 001 | 2107 | ||
| 003 | BD-RjUL | ||
| 005 | 20211208233502.0 | ||
| 008 | 131210s1978 nyua b 001 0 eng | ||
| 020 | _a0120918501 | ||
| 035 | _a(BD-RjUL)2134 | ||
| 040 |
_aDLC _cDLC _dDLC _d(BD-RjUL) _beng |
||
| 041 | _aeng | ||
| 082 | 0 | 0 |
_a301.1 _bCOG |
| 245 | 0 | 0 |
_aCognitive theories in social psychology : _bpapers from Advances in experimental social psychology / _cedited by Leonard Berkowitz ; contributors, Norman H. Anderson ... [et al.]. |
| 260 |
_aNew York : _bAcademic Press, _c1978. |
||
| 300 |
_axv, 528 p. : _bill. ; _c23 cm. |
||
| 504 | _aIncludes bibliographies and index. | ||
| 650 | 0 |
_aSocial psychology. _96895 |
|
| 700 | 1 |
_aBerkowitz, Leonard, _d1926- _96896 |
|
| 700 | 1 |
_aAnderson, Norman H. _96897 |
|
| 730 |
_aAdvances in experimental social psychology. _96915 |
||
| 942 |
_2ddc _cBK |
||
| 999 |
_c2107 _d2107 |
||